000 00573cam a22002291 4500
001 sa 66006137
003 DLC
005 20260227112254.0
008 891226s1962 ii 000 0 pano
010 _asa 66006137
035 _a(OCoLC)20820153
040 _aDLC
_cWaU
_dDLC
042 _apremarc
043 _aa-ii---
050 0 0 _aPK2650
_b.S49
100 1 _aSingh, Gopal,
_d1917-
245 1 0 _aPañjābī sāhita dā itihāsa.
260 _c[1962]
300 _a154 p.
_c19 cm.
500 _aIn Panjabi.
650 0 _aPanjabi literature
_xHistory and criticism.
999 _c70327
_d70327